Score 0/27 Timer 03:00
0 Plays Today
Hint 4-letter word % Correct
Go into the pool head firstDIVE
97.4%
Chess piecePAWN
96.9%
Key ____ PieLIME
96.8%
** 'On the Street Where You _____' ** LIVE
96.6%
Get into a computer illegallyHACK
96.6%
They make your head itchLICE
96.2%
** 'Get Me to the Church on ______' **TIME
95.4%
You need these for crapsDICE
95.4%
Sensation of physical distressPAIN
93.6%
Actress GoldieHAWN
93.3%
** In Spain, this falls mainly on the plain **RAIN
92.5%
** 'With a Little Bit of _______' **LUCK
92%
Tom's 'adventurous' friend HUCK
91.7%
100-yd dash, for exampleRACE
91.1%
Hint 4-letter word % Correct
To domesticateTAME
90.6%
Metal runner for a trainRAIL
90%
Member of the suborder 'Falcones'HAWK
89.4%
** 'I've Grown Accustomed to Her ____'FACE
88.6%
RenownFAME
87.5%
Loud, keening cryWAIL
87.4%
Superficial effort: a _____ and a promise LICK
87.2%
** 'Just You ____, 'Enry 'Iggins' **WAIT
84.5%
French for 'done deal': ___ accompliFAIT
75.1%
Delicate; frillyLACY
71.4%
BawdyRACY
70.7%
** My [First Rung] _____' **LADY
69.9%
**My ________ [Last Rung]**FAIR
68.6%

Today's Daily Dose

Missing Word
Marvin Gaye Songs

Quick Pick
Movies of 2019

Get the Picture
Chinese Cities

You're not logged in!

Compare scores with friends on all Sporcle quizzes.
OR
Log In

Sporcle TV

Today on Sporcle TV


Watch our educational content, quiz creation guides, and fun videos on Sporcle TV.

Show Comments

Extras

Top Quizzes Today


Score Distribution

Your Account Isn't Verified!

In order to create a playlist on Sporcle, you need to verify the email address you used during registration. Go to your Sporcle Settings to finish the process.

Report this User

Report this user for behavior that violates our Community Guidelines.

Details: